<?xml version="1.0" encoding="UTF-8"?>
<marc:record xmlns:marc="http://www.loc.gov/MARC21/slim">
   <marc:leader>00000nam a2200000 a 4500</marc:leader>
   <marc:datafield ind1="1" ind2=" " tag="100">
      <marc:subfield code="a">Tadday, Ulrich</marc:subfield>
      <marc:subfield code="4">edt</marc:subfield>
      <marc:subfield code="e">Bearbeiter/-in</marc:subfield>
   </marc:datafield>
   <marc:datafield ind1=" " ind2=" " tag="653">
      <marc:subfield code="a">Berio</marc:subfield>
   </marc:datafield>
   <marc:datafield ind1=" " ind2=" " tag="653">
      <marc:subfield code="a">Luciano</marc:subfield>
   </marc:datafield>
   <marc:datafield ind1=" " ind2=" " tag="653">
      <marc:subfield code="a">Softcover</marc:subfield>
   </marc:datafield>
   <marc:datafield ind1=" " ind2=" " tag="653">
      <marc:subfield code="a">Karte</marc:subfield>
   </marc:datafield>
   <marc:datafield ind1=" " ind2=" " tag="653">
      <marc:subfield code="a">Musiklehre</marc:subfield>
   </marc:datafield>
   <marc:datafield ind1=" " ind2=" " tag="653">
      <marc:subfield code="a">Aufsatzsammlung</marc:subfield>
   </marc:datafield>
   <marc:datafield ind1="0" ind2="0" tag="245">
      <marc:subfield code="a">Luciano Berio</marc:subfield>
   </marc:datafield>
   <marc:datafield ind1="0" ind2="0" tag="245">
      <marc:subfield code="c">hrsg. von Ulrich Tadday</marc:subfield>
   </marc:datafield>
   <marc:datafield ind1=" " ind2="1" tag="264">
      <marc:subfield code="a">München</marc:subfield>
      <marc:subfield code="b">Ed. Text und Kritik</marc:subfield>
      <marc:subfield code="c">2005</marc:subfield>
   </marc:datafield>
   <marc:datafield ind1="1" ind2=" " tag="490">
      <marc:subfield code="a">Musik-Konzepte</marc:subfield>
      <marc:subfield code="v">H. 128</marc:subfield>
   </marc:datafield>
   <marc:datafield ind1="1" ind2=" " tag="520">
      <marc:subfield code="a">Wer die Kompositionen des italienischen Komponisten Luciano Berio ( 1925 - 2003) als multiple Musik bezeichnet, will damit zum Ausdruck bringen, dass sie divergente, durchaus disparate Elemente in sich zu vereinigen versteht. Multipel erscheinen in Berios Werk auch Sprache und Geschichte, vor allen Dingen dann, wenn Werke genuin sprachgebunden sind wie diejenigen für das Musiktheater, in denen Berio neue Verbindungen zwischen Musik, Text und Szene herstellt. Die Sprache besitzt aber nicht nur in Berios Kompositionen für Musiktheater, sondern darüber hinaus auch in seinen Vokal- oder Tonbandkompositionen wie "Thema" (Omaggio a Joyce), "Sequenza III" oder "Visage" eine besondere Bedeutung. Sie erfährt selbst in seinem wohl bekanntestem Werk "Sinfonia" eine besondere Behandlung, die die Autorinnen und Autoren des Bandes weitgehend beschäftigt. Aus der multiplen Sprachlichkeit der Musik Berios spricht ein Geschichtsbewusstein, das zwischen Tradition und Innovation angesiedelt ist und ohne die Einflüsse Umberto Ecos und Claude Lévi-Strauss weder denkbar noch erklärbar wäre. Beiträgerinnen und Beiträger zu diesem Heft sind Markus Baudur, Sabine Ehrmann-Herfort, Flo Menezes, Imke Misch und Matteo Nanni.</marc:subfield>
   </marc:datafield>
   <marc:datafield ind1=" " ind2=" " tag="020">
      <marc:subfield code="a">9783883777849</marc:subfield>
      <marc:subfield code="9">9783883777849</marc:subfield>
   </marc:datafield>
   <marc:datafield ind1=" " ind2=" " tag="020">
      <marc:subfield code="a">3883777846</marc:subfield>
      <marc:subfield code="9">3883777846</marc:subfield>
   </marc:datafield>
   <marc:datafield ind1=" " ind2=" " tag="041">
      <marc:subfield code="a">ger</marc:subfield>
   </marc:datafield>
   <marc:datafield ind1=" " ind2=" " tag="300">
      <marc:subfield code="a">116 S.</marc:subfield>
   </marc:datafield>
</marc:record>
